000 00923cam a22002771i 4500
003 OSt
005 20260306123306.0
008 130926s2014 nyua 001 0 eng
020 _a9781266173462
040 _cDLC
042 _apcc
050 0 0 _aHB172
_b.C558 2024
100 1 _aColander, David C.
245 1 0 _aMicroeconomics /
_cStephen L. Slavin, Union Country College, Cranford, New Jersey, The New School University, New York City.
250 _aTwelfth edition.
264 1 _aNew York, NY :
_bMcGraw-Hill Education,
_cc2024
300 _axvi, 530 pages :
_billustrations ;
_c26 cm.
336 _atext
_2rdacontent
337 _aunmediated
_2rdamedia
338 _avolume
_2rdacarrier
500 _aIncludes index.
650 0 _aMicroeconomics.
906 _a7
_bcbc
_corignew
_d1
_eecip
_f20
_gy-gencatlg
942 _2lcc
_cBK
_nRB
999 _c6018
_d6018